Uṣūl va mabānī-i khudāshināsī-i istidlālī / (Record no. 1622)

MARC details
000 -LEADER
fixed length control field 01663cam a22004211a 4500
001 - CONTROL NUMBER
control field data
005 - DATE AND TIME OF LATEST TRANSACTION
control field 20260322212109.0
008 - FIXED-LENGTH DATA ELEMENTS--GENERAL INFORMATION
fixed length control field data
035 ## - SYSTEM CONTROL NUMBER
System control number 9531566
010 ## - LIBRARY OF CONGRESS CONTROL NUMBER
LC control number 79971820
035 ## - SYSTEM CONTROL NUMBER
-- (DLC) 79971820
035 ## - SYSTEM CONTROL NUMBER
System control number (OCoLC)23569445
040 ## - CATALOGING SOURCE
Original cataloging agency DLC
Language of cataloging eng
Transcribing agency EYM
Modifying agency DLC
-- OCLCF
-- OCLCQ
-- OCLCO
-- EYM
-- OCLCO
-- DLC
042 ## - AUTHENTICATION CODE
Authentication code lccopycat
050 00 - LIBRARY OF CONGRESS CALL NUMBER
Classification number BL425
Item number .S22 1978
066 ## - CHARACTER SETS PRESENT
Alternate G0 or G1 character set (3
100 1# - MAIN ENTRY--PERSONAL NAME
Linkage 880-01
Personal name Sādāt, Muḥammad ʻAlī.
245 10 - TITLE STATEMENT
Linkage 880-02
Title Uṣūl va mabānī-i khudāshināsī-i istidlālī /
Statement of responsibility, etc. Muḥammad ʻAlī Sādāt.
260 ## - PUBLICATION, DISTRIBUTION, ETC.
Linkage 880-03
Place of publication, distribution, etc. [Tihrān] :
Name of publisher, distributor, etc. [Intishā̄rāt-i Ilhām],
Date of publication, distribution, etc. [1978?]
300 ## - PHYSICAL DESCRIPTION
Extent 194 pages ;
Dimensions 22 cm
336 ## - CONTENT TYPE
Content type term text
Content type code txt
Source rdacontent
337 ## - MEDIA TYPE
Media type term unmediated
Media type code n
Source rdamedia
338 ## - CARRIER TYPE
Carrier type term volume
Carrier type code nc
Source rdacarrier
504 ## - BIBLIOGRAPHY, ETC. NOTE
Bibliography, etc. note Includes bibliographical references (pages 193-194).
546 ## - LANGUAGE NOTE
Language note In Persian.
650 #0 - SUBJECT ADDED ENTRY--TOPICAL TERM
Topical term or geographic name entry element Theology.
650 #2 - SUBJECT ADDED ENTRY--TOPICAL TERM
Topical term or geographic name entry element Theology
650 #6 - SUBJECT ADDED ENTRY--TOPICAL TERM
Topical term or geographic name entry element Théologie.
650 #7 - SUBJECT ADDED ENTRY--TOPICAL TERM
Topical term or geographic name entry element theology.
Source of heading or term aat
650 #7 - SUBJECT ADDED ENTRY--TOPICAL TERM
Topical term or geographic name entry element Theology.
Source of heading or term fast
Authority record control number or standard number (OCoLC)fst01149559
776 08 - ADDITIONAL PHYSICAL FORM ENTRY
Relationship information Online version:
Main entry heading Sādāt, Muḥammad ʻAlī.
Title Usūl va mabānī-i khudā'shināsi-i istidiālī.
Place, publisher, and date of publication [1978!]
Record control number (OCoLC)551700177
880 1# - ALTERNATE GRAPHIC REPRESENTATION
Linkage 100-01/(3/r
a (3SGOGJ,(B (3eMeO(B (3Ydi(B.
880 10 - ALTERNATE GRAPHIC REPRESENTATION
Linkage 245-02/(3/r
a (3GUhd(B (3h(B (3eHGfi(B (3NOGTfGSi(B (3GSJOdGdi(B /
c (3eMeO(B (3Ydi(B (3SGOGJ(B.
880 ## - ALTERNATE GRAPHIC REPRESENTATION
Linkage 260-03/(3/r
a [(3JgQGf(B] :
b [(3GfJTGQGJ(B (3GdgGe(B](3,(B
c [1978?].
906 ## - LOCAL DATA ELEMENT F, LDF (RLIN)
a 7
b cbc
c premver
d u
e ncip
f 19
g y-nonroman
991 ## -
-- c-GenColl
-- BL425
-- .S22 1978
-- Copy 1
-- PREM
Holdings
Withdrawn status Lost status Damaged status Not for loan Home library Current library Shelving location Date acquired Total checkouts Full call number Barcode Date last seen Price effective from Koha item type
        Institut Protestant de Théologie Institut Protestant de Théologie General stacks 22/03/2026   BL425 LOC-IPT-00013 22/03/2026 22/03/2026 Books